| 000 | 00332pam a2200145 a 4500 | ||
|---|---|---|---|
| 020 |
_a0809437643 _c |
||
| 041 | _aeng | ||
| 082 |
_a616 _bLIB |
||
| 100 | _aLibrary of Health. | ||
| 245 |
_aFighting Cancer _hTextual Documents |
||
| 260 |
_a[s.l]: _bLibrary of Health, _c1981. |
||
| 300 | _a176. | ||
| 653 | _aDiseases | ||
| 930 | _a2599 | ||
| 999 |
_c75880 _d75880 |
||